000 00785nam a2200313Ia 4500
001 12227
005 20240113235347.0
007 ta
008 051006s1947 g b000 u eng u
040 _aCotton College,Assam
041 _aeng
082 _a934
_bSa 94 An
100 _aSharma, S.R. .
245 0 _aAncient Indian History and Culture /
_cS.R. Sharma.
_hTextual Documents
250 _a1st ed. /
260 _aBombay :
_bHind Kitabs Ltd ,
_c1947.
300 _a178p. ;
_c18cm.
504 _aIndex
653 _aHistory-India
653 _aIndian History
653 _aAncient History
653 _aG-History
653 _aIndian Culture
942 _2ddc
_cBK
999 _c12214
_d12214